[Event "Mittelfranken-chTB2a 1415"]
[Site "Mittelfranken"]
[Date "2015.03.08"]
[Round "7.7"]
[White "Martin, Hans"]
[Black "Schindler, Jan"]
[Result "1-0"]
[WhiteElo "1778"]
[BlackElo "1565"]
[PlyCount "153"]
[EventDate "2014.09.28"]
[EventType "team-tourn"]
[EventRounds "9"]
[EventCountry "GER"]
[SourceTitle "EXT 2020"]
[Source "ChessBase"]
[SourceDate "2019.10.17"]
[SourceVersion "1"]
[SourceVersionDate "2019.10.17"]
[SourceQuality "1"]
[WhiteTeam "Buechenbach/Roth II"]
[BlackTeam "Anderssen/78 Nuernberg"]
[WhiteTeamCountry "GER"]
[BlackTeamCountry "GER"]

1. e4 e5 2. Nf3 Nf6 3. Nc3 Nc6 4. Bb5 Bb4 5. 0-0 0-0 6. d3 d6 7. Bg5 Bg4 8. Nd5 Ba5 9. Nxf6+ gxf6 10. Bh6 Re8 11. h3 Bh5 12. g4 Bg6 13. h4 Qd7 14. Nh2 a6 15. Bxc6 Qxc6 16. Qf3 Re6 17. h5 Qxc2 18. hxg6 fxg6 19. b4 Bb6 20. Be3 Qxd3 21. Bxb6 Qxf3 22. Nxf3 cxb6 23. Rac1 Re7 24. Rc2 Kf7 25. Rfc1 Ke6 26. Rc7 Rae8 27. Nd2 b5 28. Nf1 Rd7 29. Ne3 Ree7 30. Rxd7 Rxd7 31. Rc8 Kf7 32. Kg2 Kg7 33. Kg3 h6 34. f3 Kf7 35. Nd5 Kg7 36. Re8 Kf7 37. Rh8 Kg7 38. Ra8 Kf7 39. Rb8 Kg7 40. f4 exf4+ 41. Kxf4 Kf7 42. Rc8 Kg7 43. Rc2 Kf7 44. Rh2 Kg7 45. Ke3 Rf7 46. Rf2 Rf8 47. Rc2 Rf7 48. Kd4 f5 49. gxf5 gxf5 50. Rg2+ Kf8 51. Rh2 fxe4 52. Rxh6 Rf2 53. Rf6+ Rxf6 54. Nxf6 Ke7 55. Nxe4 Ke6 56. Nc3 Kd7 57. Kd5 Kc7 58. Ne4 b6 59. Nxd6 a5 60. Nxb5+ Kb7 61. a3 Ka6 62. Kc4 axb4 63. axb4 Kb7 64. Nd4 Ka6 65. b5+ Kb7 66. Kd5 Kc7 67. Ne6+ Kd7 68. Ng5 Kc7 69. Ne4 Kd7 70. Nd2 Kc7 71. Nc4 Kb7 72. Kd6 Ka7 73. Kc6 Ka8 74. Kxb6 Kb8 75. Ka6 Ka8 76. b6 Kb8 77. b7 1-0

[Event "Bayern-ch op Seniors 26th"]
[Site "Bergen"]
[Date "2014.06.27"]
[Round "7"]
[White "Wolf, Reinhard"]
[Black "Schindler, Jan"]
[Result "1/2-1/2"]
[WhiteElo "1731"]
[BlackElo "1637"]
[PlyCount "42"]
[EventDate "2014.06.21"]
[EventType "swiss"]
[EventRounds "7"]
[EventCountry "GER"]
[SourceTitle "EXT 2018"]
[Source "ChessBase"]
[SourceDate "2017.10.13"]
[SourceVersion "1"]
[SourceVersionDate "2017.10.13"]
[SourceQuality "1"]

1. e4 e5 2. Nf3 Nf6 3. Nxe5 d6 4. Nf3 Nxe4 5. d3 Nf6 6. d4 d5 7. c4 c6 8. Nc3 Bb4 9. cxd5 Nxd5 10. Bd2 0-0 11. Be2 Re8 12. 0-0 Bf5 13. Nxd5 Bxd2 14. Qxd2 Qxd5 15. Rfe1 Nd7 16. Qc3 Qd6 17. Bc4 Bg6 18. Re3 Rxe3 19. Qxe3 Nf6 20. Qb3 b5 21. Bf1 Be4 1/2-1/2

[Event "Bayern-ch op Seniors 26th"]
[Site "Bergen"]
[Date "2014.06.24"]
[Round "4"]
[White "Schindler, Jan"]
[Black "Moderegger, Ludwig"]
[Result "1-0"]
[WhiteElo "1637"]
[BlackElo "1528"]
[PlyCount "63"]
[EventDate "2014.06.21"]
[EventType "swiss"]
[EventRounds "7"]
[EventCountry "GER"]
[SourceTitle "EXT 2018"]
[Source "ChessBase"]
[SourceDate "2017.10.13"]
[SourceVersion "1"]
[SourceVersionDate "2017.10.13"]
[SourceQuality "1"]

1. Nf3 d5 2. g3 c5 3. Bg2 b6 4. b3 Nd7 5. Bb2 Bb7 6. e3 Qc7 7. c4 Ngf6 8. 0-0 e6 9. Nc3 a6 10. Rc1 Be7 11. Re1 0-0-0 12. d4 Rhg8 13. Qe2 g5 14. cxd5 exd5 15. Na4 b5 16. Nxc5 Nxc5 17. dxc5 Ne4 18. b4 Bc6 19. Nd4 Kb7 20. Qc2 Qd7 21. Rcd1 f5 22. f3 Nf6 23. Qxf5 g4 24. Qxd7+ Nxd7 25. fxg4 Ne5 26. Nxc6 Kxc6 27. Bxe5 Rxg4 28. Rd4 Rg6 29. Red1 Bg5 30. Bf4 Bf6 31. Rxd5 Rxd5 32. Bxd5+ 1-0

[Event "Bayern-ch op Seniors 26th"]
[Site "Bergen"]
[Date "2014.06.21"]
[Round "1"]
[White "Hein, Manfred"]
[Black "Schindler, Jan"]
[Result "0-1"]
[WhiteElo "1943"]
[BlackElo "1637"]
[PlyCount "78"]
[EventDate "2014.06.21"]
[EventType "swiss"]
[EventRounds "7"]
[EventCountry "GER"]
[SourceTitle "EXT 2018"]
[Source "ChessBase"]
[SourceDate "2017.10.13"]
[SourceVersion "1"]
[SourceVersionDate "2017.10.13"]
[SourceQuality "1"]

1. e4 e5 2. Nf3 Nf6 3. Nc3 Nc6 4. Bc4 h6 5. d3 Bb4 6. Bd2 0-0 7. a3 Bxc3 8. Bxc3 d6 9. h3 Be6 10. Bb5 Ne7 11. 0-0 Ng6 12. Bd2 c6 13. Ba4 Qb6 14. b4 Rfd8 15. c4 d5 16. exd5 cxd5 17. c5 Qc7 18. Qe2 e4 19. Nd4 Bd7 20. Nb5 Bxb5 21. Bxb5 a6 22. Ba4 Qe5 23. Rab1 Qd4 24. dxe4 Nxe4 25. Rfd1 Nc3 26. Bxc3 Qxc3 27. Rb3 Nf4 28. Qd2 Qe5 29. Re1 Qg5 30. Qxf4 Qxf4 31. Rf3 Qc7 32. Rfe3 d4 33. Re7 Qf4 34. Rxb7 d3 35. c6 d2 36. Rf1 Rac8 37. Rd7 Rxd7 38. cxd7 Rd8 39. g3 Qd4 0-1

[Event "Mittelfranken-chTB2a 1314"]
[Site "Mittelfranken"]
[Date "2014.01.26"]
[Round "5.8"]
[White "Faralisz, Patrick"]
[Black "Schindler, Jan"]
[Result "0-1"]
[WhiteElo "1893"]
[BlackElo "1565"]
[PlyCount "84"]
[EventDate "2013.10.20"]
[EventType "team-tourn"]
[EventRounds "9"]
[EventCountry "GER"]
[SourceTitle "EXT 2020"]
[Source "ChessBase"]
[SourceDate "2019.10.17"]
[SourceVersion "1"]
[SourceVersionDate "2019.10.17"]
[SourceQuality "1"]
[WhiteTeam "Nuernberg NT V"]
[BlackTeam "Anderssen/78 Nuernberg"]
[WhiteTeamCountry "GER"]
[BlackTeamCountry "GER"]

1. e4 e5 2. Nf3 Nf6 3. Nxe5 d6 4. Nf3 Nxe4 5. d4 d5 6. Bd3 Nc6 7. c3 Bd6 8. 0-0 0-0 9. Re1 f5 10. Nbd2 Bd7 11. Qb3 Nf6 12. c4 Na5 13. Qc2 dxc4 14. Nxc4 Nxc4 15. Bxc4+ Kh8 16. Ne5 Bxe5 17. dxe5 Ng8 18. Bxg8 Rxg8 19. e6 Bc6 20. Qxf5 h6 21. Qe5 Kh7 22. Bf4 Qf6 23. Qxf6 gxf6 24. g3 Rac8 25. Rad1 Rge8 26. h4 h5 27. Kh2 Rg8 28. e7 Kg7 29. Be3 a6 30. Bd4 Kf7 31. Re3 Rce8 32. Rde1 Rg4 33. Bc3 Rg6 34. Re6 Bd7 35. R6e3 Bc6 36. Bb4 Rgg8 37. Rd3 Ra8 38. Red1 a5 39. Rd8 axb4 40. Rxa8 Rxa8 41. Rd8 Rxa2 42. Rf8+ Kxe7 0-1

[Event "Bayern-ch Seniors 25th"]
[Site "Bergen"]
[Date "2013.06.22"]
[Round "9.21"]
[White "Schindler, Jan"]
[Black "Assmann, Siegfried"]
[Result "0-1"]
[WhiteElo "1657"]
[BlackElo "1761"]
[PlyCount "98"]
[EventDate "2013.06.15"]
[EventType "swiss"]
[EventRounds "9"]
[EventCountry "GER"]
[SourceTitle "EXT 2022"]
[Source "ChessBase"]
[SourceDate "2021.10.06"]
[SourceVersion "1"]
[SourceVersionDate "2021.10.06"]
[SourceQuality "1"]

1. Nf3 d5 2. d4 e6 3. c4 c6 4. e3 Bd6 5. Nc3 f5 6. Ne5 Nf6 7. Be2 0-0 8. 0-0 Nbd7 9. f4 dxc4 10. Bxc4 Nb6 11. Bb3 Nbd5 12. Nxd5 exd5 13. Qc2 Ne4 14. Nd3 Rf6 15. Qe2 Rh6 16. Qe1 Qf6 17. Bd1 Be6 18. a3 Kh8 19. b4 Rg8 20. Ra2 g5 21. Bb2 b6 22. Ne5 Bxe5 23. dxe5 Qg6 24. Bd4 c5 25. Ba1 gxf4 26. exf4 d4 27. Rb2 c4 28. Bf3 c3 29. Rc2 Bb3 30. Qe2 Bxc2 31. Qxc2 Nd2 32. Rf2 Nxf3+ 33. Rxf3 Qc6 34. Rf2 Qe4 35. Qd1 Rc8 36. Qc1 Rhc6 37. Rc2 b5 38. g3 a6 39. Kf2 d3 40. Rxc3 Qd4+ 41. Kg2 Rxc3 42. Bxc3 Rxc3 43. Qd1 Rc2+ 44. Kh3 Qf2 45. Kh4 Qxh2+ 46. Kg5 Qxg3+ 47. Kf6 Qg6+ 48. Ke7 Rc7+ 49. Kd8 Qf7 0-1

[Event "Bayern-ch Seniors 25th"]
[Site "Bergen"]
[Date "2013.06.17"]
[Round "3.32"]
[White "Schindler, Jan"]
[Black "Steckel, Werner"]
[Result "1-0"]
[WhiteElo "1657"]
[BlackElo "1254"]
[PlyCount "55"]
[EventDate "2013.06.15"]
[EventType "swiss"]
[EventRounds "9"]
[EventCountry "GER"]
[SourceTitle "EXT 2022"]
[Source "ChessBase"]
[SourceDate "2021.10.06"]
[SourceVersion "1"]
[SourceVersionDate "2021.10.06"]
[SourceQuality "1"]

1. Nf3 d5 2. d4 Nf6 3. c4 g6 4. Nc3 Bg7 5. Bg5 dxc4 6. Qa4+ c6 7. Qxc4 Be6 8. Qd3 Qb6 9. e4 h6 10. Bc1 Bg4 11. Ne5 Nbd7 12. Nc4 Qc7 13. g3 Rd8 14. Qe3 e5 15. d5 Nb6 16. d6 Nxc4 17. dxc7 Nxe3 18. cxd8Q+ Kxd8 19. Bxe3 b6 20. Be2 Be6 21. 0-0-0+ Ke7 22. f4 Ng4 23. Bxg4 Bxg4 24. Rd2 Re8 25. h3 Be6 26. g4 Kf8 27. f5 Bc8 28. Rhd1 1-0

[Event "Bayern-ch Seniors 24nd"]
[Site "Bergen"]
[Date "2012.06.23"]
[Round "8"]
[White "Maugg, Ludwig"]
[Black "Schindler, Jan"]
[Result "1-0"]
[WhiteElo "1863"]
[BlackElo "1625"]
[PlyCount "67"]
[EventDate "2012.06.16"]
[EventType "swiss"]
[EventRounds "9"]
[EventCountry "GER"]
[SourceTitle "EXT 2015"]
[Source "ChessBase"]
[SourceDate "2014.11.20"]
[SourceVersion "1"]
[SourceVersionDate "2014.11.20"]
[SourceQuality "1"]

1. d4 Nf6 2. c4 e6 3. Nf3 d5 4. Nc3 c6 5. e3 Bb4 6. Bd2 0-0 7. Qc2 Nbd7 8. Bd3 g6 9. 0-0 Re8 10. Rad1 Qc7 11. Rc1 Qd8 12. Rfd1 Bf8 13. Ne2 Bg7 14. Bc3 dxc4 15. Bxc4 Nb6 16. Bb3 a5 17. a4 Nbd5 18. Bd2 Nd7 19. e4 Ne7 20. Be3 Nf6 21. h3 b5 22. Ne5 Bb7 23. Nf4 Nd7 24. Nxe6 Qc8 25. Nxf7 Qb8 26. Bf4 Qa7 27. Nc7 Kf8 28. Ne6+ Kg8 29. Nd6 Rf8 30. Nxf8+ Kxf8 31. Nxb7 Qxb7 32. Bd6 Rc8 33. Qd2 b4 34. Qf4+ 1-0

[Event "Bayern-ch Seniors 23rd"]
[Site "Bergen"]
[Date "2011.06.01"]
[Round "5"]
[White "Schindler, Jan"]
[Black "Krafzik, Joachim"]
[Result "0-1"]
[WhiteElo "1615"]
[BlackElo "1828"]
[PlyCount "120"]
[EventDate "2011.05.28"]
[EventType "swiss"]
[EventRounds "9"]
[EventCountry "GER"]
[SourceTitle "EXT 2012"]
[Source "ChessBase"]
[SourceDate "2011.11.24"]
[SourceVersion "1"]
[SourceVersionDate "2011.11.24"]
[SourceQuality "1"]

1. e4 b6 2. g3 Bb7 3. Bg2 e5 4. Nc3 Nf6 5. Nh3 Nc6 6. 0-0 Bc5 7. Na4 Be7 8. b3 d6 9. Bb2 Qd7 10. d3 h6 11. Nc3 g5 12. Kh1 g4 13. Ng1 h5 14. h4 0-0-0 15. a4 Rhg8 16. Nge2 a6 17. Ba3 Bf8 18. Rb1 Bg7 19. Bc1 Rde8 20. b4 Ne7 21. a5 b5 22. Bg5 d5 23. Bxf6 Bxf6 24. exd5 Nxd5 25. Ne4 Be7 26. c3 Rd8 27. d4 Qf5 28. Nc5 Bxc5 29. bxc5 Ne7 30. Bxb7+ Kxb7 31. Rb2 exd4 32. cxd4 c6 33. Kg1 Nd5 34. Qc2 Qxc2 35. Rxc2 Rge8 36. Rd1 Re4 37. Kg2 f5 38. Rcd2 Rde8 39. Kf1 Kc7 40. Rc1 f4 41. gxf4 Rf8 42. Ng3 Rexf4 43. Kg1 Rh8 44. Re1 Rh7 45. Re5 Nf6 46. Rd3 Kd7 47. Kg2 Rf7 48. Rd2 Rh7 49. Rf5 Rxf5 50. Nxf5 Nd5 51. Ng3 Nf4+ 52. Kf1 Rf7 53. Ne4 Nd5 54. Kg1 Rf4 55. Ng3 Nf6 56. Rd3 Rf3 57. Re3 Rf4 58. Rd3 Ke6 59. Kf1 Kd5 60. Ke2 Rxd4 0-1

[Event "Bayern-ch Seniors 21st"]
[Site "Bergen"]
[Date "2009.06.25"]
[Round "6"]
[White "Schindler, Jan"]
[Black "Peiberg, Ehrhard"]
[Result "1/2-1/2"]
[WhiteElo "1661"]
[BlackElo "1671"]
[PlyCount "35"]
[EventDate "2009.06.20"]
[EventType "swiss"]
[EventRounds "9"]
[EventCountry "GER"]
[SourceTitle "EXT 2015"]
[Source "ChessBase"]
[SourceDate "2014.11.20"]
[SourceVersion "1"]
[SourceVersionDate "2014.11.20"]
[SourceQuality "1"]

1. d4 Nf6 2. c4 e6 3. Nf3 d5 4. Nc3 Be7 5. e3 Nbd7 6. Bd3 h6 7. 0-0 b6 8. Qe2 Bb7 9. b3 0-0 10. Bb2 c5 11. Rfe1 cxd4 12. exd4 Rc8 13. Rad1 Qc7 14. cxd5 Nxd5 15. Nxd5 Bxd5 16. Rc1 Qb8 17. Ne5 Nf6 18. Ba6 1/2-1/2

[Event "Bayern-ch Seniors 20th"]
[Site "Bergen"]
[Date "2008.06.09"]
[Round "3.24"]
[White "Metzen, Hans Peter"]
[Black "Schindler, Jan"]
[Result "1-0"]
[WhiteElo "1822"]
[BlackElo "1653"]
[PlyCount "75"]
[EventDate "2008.06.07"]
[EventType "swiss"]
[EventRounds "9"]
[EventCountry "GER"]
[SourceTitle "EXT 2022"]
[Source "ChessBase"]
[SourceDate "2021.10.06"]
[SourceVersion "1"]
[SourceVersionDate "2021.10.06"]
[SourceQuality "1"]

1. c4 Nf6 2. Nf3 c5 3. g3 Nc6 4. Bg2 g6 5. 0-0 Bg7 6. Nc3 0-0 7. e3 d6 8. d4 Bg4 9. h3 Bxf3 10. Bxf3 Qd7 11. Kg2 Rac8 12. Re1 e6 13. Rb1 Rfd8 14. b3 Ne8 15. Ne2 Qc7 16. Bb2 b6 17. Nf4 Ne7 18. g4 e5 19. Nd5 Nxd5 20. Bxd5 Nf6 21. dxe5 dxe5 22. e4 Qe7 23. Qf3 h5 24. Bc1 Nxd5 25. exd5 hxg4 26. hxg4 Re8 27. Qh3 f6 28. Rh1 Kf7 29. Bd2 Rh8 30. Qf3 Rxh1 31. Rxh1 Rh8 32. Rxh8 Bxh8 33. Qh3 Bg7 34. Qh7 Kf8 35. Qxg6 Qd7 36. f3 a6 37. Bh6 Qe7 38. d6 1-0

[Event "Bayern-ch Seniors 20th"]
[Site "Bergen"]
[Date "2008.06.08"]
[Round "2.39"]
[White "Schindler, Jan"]
[Black "Sobottka, Manfred"]
[Result "1-0"]
[WhiteElo "1653"]
[BlackElo "1446"]
[PlyCount "41"]
[EventDate "2008.06.07"]
[EventType "swiss"]
[EventRounds "9"]
[EventCountry "GER"]
[SourceTitle "EXT 2022"]
[Source "ChessBase"]
[SourceDate "2021.10.06"]
[SourceVersion "1"]
[SourceVersionDate "2021.10.06"]
[SourceQuality "1"]

1. e4 e5 2. Nf3 Nc6 3. d4 exd4 4. Nxd4 Be7 5. Nc3 a6 6. Bc4 Ne5 7. Bb3 Nf6 8. f4 Nc6 9. Nf5 g6 10. Nh6 d5 11. exd5 Na5 12. 0-0 Qd6 13. Be3 Bf8 14. f5 Bxh6 15. Bxh6 gxf5 16. Qd4 Nxb3 17. axb3 Rg8 18. Rae1+ Ne4 19. Nxe4 fxe4 20. Rxe4+ Kd8 21. Qf6+ 1-0

[Event "Bayern-ch Seniors 19th"]
[Site "Schloss Schney"]
[Date "2007.06.19"]
[Round "8"]
[White "Wilfert, Eva Maria"]
[Black "Schindler, Jan"]
[Result "1/2-1/2"]
[WhiteElo "1452"]
[BlackElo "1696"]
[PlyCount "32"]
[EventDate "2007.06.12"]
[EventType "swiss"]
[EventRounds "9"]
[EventCountry "GER"]
[SourceTitle "EXT 2008"]
[Source "ChessBase"]
[SourceDate "2007.11.25"]
[SourceVersion "1"]
[SourceVersionDate "2007.11.25"]
[SourceQuality "1"]

1. e4 c5 2. Nf3 d6 3. d4 cxd4 4. Nxd4 a6 5. Nc3 Nf6 6. Bc4 e6 7. 0-0 Be7 8. Be3 b5 9. Bd3 Bb7 10. a3 Nbd7 11. f3 Qc7 12. Rc1 0-0 13. Qe1 Ne5 14. Qf2 Nc4 15. Bxc4 Qxc4 16. Rfd1 b4 1/2-1/2

[Event "Bayern-ch Seniors 19th"]
[Site "Schloss Schney"]
[Date "2007.06.14"]
[Round "3"]
[White "Schindler, Jan"]
[Black "Aigner, Georg"]
[Result "1/2-1/2"]
[WhiteElo "1696"]
[BlackElo "1893"]
[PlyCount "103"]
[EventDate "2007.06.12"]
[EventType "swiss"]
[EventRounds "9"]
[EventCountry "GER"]
[SourceTitle "EXT 2008"]
[Source "ChessBase"]
[SourceDate "2007.11.25"]
[SourceVersion "1"]
[SourceVersionDate "2007.11.25"]
[SourceQuality "1"]

1. d4 d5 2. c4 c6 3. Nf3 Nf6 4. Nc3 e6 5. e3 Nbd7 6. cxd5 exd5 7. Bd3 Be7 8. 0-0 Nf8 9. h3 Ng6 10. Qc2 Be6 11. Re1 Qc7 12. a3 0-0-0 13. b4 Nd7 14. Na4 Bd6 15. Bb2 Nb8 16. Rac1 Kd7 17. Nc5+ Bxc5 18. dxc5 f6 19. Nd4 Ne5 20. Bf1 Rde8 21. Rcd1 Kc8 22. f4 Nf7 23. Nxe6 Rxe6 24. Bd3 Nh6 25. Bxh7 Qe7 26. Bd4 Nd7 27. Bd3 Qf7 28. Bg6 Qe7 29. a4 Rf8 30. Bd3 f5 31. b5 Nb8 32. Be5 Rf7 33. Bd6 Qe8 34. Qd2 Ng8 35. Rb1 Ne7 36. Qa5 Qd7 37. Qxa7 Rxd6 38. cxd6 Qxd6 39. Rec1 g6 40. Qc5 Qe6 41. a5 Nd7 42. Qd4 c5 43. Rxc5+ Nxc5 44. Qxc5+ Kb8 45. Rc1 Rf8 46. Qc7+ Ka8 47. a6 Qxe3+ 48. Kh1 Rb8 49. axb7+ Rxb7 50. Ra1+ Ra7 51. Qd8+ Kb7 52. Qd7+ 1/2-1/2

[Event "Bad Woerishofen Seniors opA 23rd"]
[Site "Bad Woerishofen"]
[Date "2007.03.11"]
[Round "4"]
[White "Schindler, Jan"]
[Black "Klein, Klaus"]
[Result "0-1"]
[WhiteElo "1696"]
[BlackElo "1876"]
[PlyCount "124"]
[EventDate "2007.03.08"]
[EventType "swiss"]
[EventRounds "9"]
[EventCountry "GER"]
[SourceTitle "EXT 2022"]
[Source "ChessBase"]
[SourceDate "2021.10.06"]
[SourceVersion "1"]
[SourceVersionDate "2021.10.06"]
[SourceQuality "1"]

1. d4 d5 2. c4 c6 3. Nc3 Nf6 4. Nf3 dxc4 5. a4 Bf5 6. e3 e6 7. Bxc4 Nbd7 8. 0-0 Bb4 9. Qb3 Qe7 10. Na2 a5 11. Nxb4 Qxb4 12. Bd2 Qxb3 13. Bxb3 Ne4 14. Bc3 0-0 15. Nh4 Nxc3 16. bxc3 Be4 17. f4 Nb6 18. f5 Nd5 19. Bxd5 exd5 20. f6 g6 21. Nf3 b5 22. Ne5 Rfc8 23. Nd7 Ra7 24. Nc5 Bc2 25. Rfc1 Bxa4 26. Nxa4 bxa4 27. Rxa4 h5 28. Rca1 Re8 29. Kf2 Re6 30. Rxa5 Rxf6+ 31. Kg1 Rb7 32. R5a2 Rb3 33. Rc2 Kf8 34. Rf1 Ke7 35. Rf3 Rxf3 36. gxf3 f5 37. Kf2 g5 38. h3 Ke6 39. Kg3 Rb1 40. Kg2 Kd6 41. f4 g4 42. h4 Re1 43. Kf2 Rh1 44. Kg2 Rxh4 45. c4 Rh3 46. c5+ Ke6 47. Re2 Rf3 48. Re1 h4 49. Re2 Kf6 50. Rb2 h3+ 51. Kh2 Rxe3 52. Rb6 Re6 53. Rb8 Re2+ 54. Kh1 g3 55. Rb1 Rd2 56. Rc1 Rxd4 57. Rg1 Rd3 58. Re1 Rf3 59. Rg1 Kg6 60. Re1 Kh5 61. Rg1 g2+ 62. Kh2 Rf1 0-1